And still He speaks: (Record no. 7620)

000 -LEADER
fixed length control field 00610nam a2200193 a 4500
001 - CONTROL NUMBER
control field :::00005381$&:&@@
003 - CONTROL NUMBER IDENTIFIER
control field OkBaRHE
005 - DATE AND TIME OF LATEST TRANSACTION
control field 20000607103325.0
008 - FIXED-LENGTH DATA ELEMENTS--GENERAL INFORMATION
fixed length control field s1960 j 000 0 eng u
040 ## - CATALOGING SOURCE
Transcribing agency
100 1# - MAIN ENTRY--PERSONAL NAME
Personal name Elson, Edward Lee Roy, 1906-
245 10 - TITLE STATEMENT
Title And still He speaks:
Remainder of title the words of the risen Christ.
260 ## - PUBLICATION, DISTRIBUTION, ETC. (IMPRINT)
Place of publication, distribution, etc Westwood, NJ., :
Name of publisher, distributor, etc F. H. Revell Co.
Date of publication, distribution, etc c1960
300 ## - PHYSICAL DESCRIPTION
Extent 127 p. ;
Dimensions 21 cm.
650 ## - SUBJECT ADDED ENTRY--TOPICAL TERM
Topical term or geographic name as entry element Jesus Christ
General subdivision Forty Days
650 ## - SUBJECT ADDED ENTRY--TOPICAL TERM
Topical term or geographic name as entry element Jesus Christ
General subdivision Words
942 ## - ADDED ENTRY ELEMENTS (KOHA)
Source of classification or shelving scheme
Koha item type Books
Copies
Damaged status Koha item type Full call number Source of classification or shelving scheme Price effective from Withdrawn status Lost status Permanent Location Not for loan Shelving location Copy number Date last seen Barcode Date acquired
 BooksBT 485 .E4 2010-04-14  RHEMA Bible Training College General Stacks12010-04-1453812010-04-14